Buildings and climate change (Record no. 107178)
[ view plain ]
| 000 -LEADER | |
|---|---|
| fixed length control field | 01704cad a22002535a 4500 |
| 001 - CONTROL NUMBER | |
| control field | L138489 |
| 008 - FIXED-LENGTH DATA ELEMENTS--GENERAL INFORMATION | |
| fixed length control field | 070613s2007 d f 000 0 eng d |
| 020 ## - INTERNATIONAL STANDARD BOOK NUMBER | |
| International Standard Book Number | 9789280727951 |
| 035 ## - SYSTEM CONTROL NUMBER | |
| System control number | (Sirsi) u138489 |
| 041 0# - LANGUAGE CODE | |
| Language code of text/sound track or separate title | eng |
| 050 04 - LIBRARY OF CONGRESS CALL NUMBER | |
| Classification number | 696.9 $2 18 |
| 110 2# - MAIN ENTRY--CORPORATE NAME | |
| Corporate name or jurisdiction name as entry element | United Nations Environment Programme |
| 9 (RLIN) | 3690 |
| 245 00 - TITLE STATEMENT | |
| Title | Buildings and climate change |
| Remainder of title | status, challenges and opportunities |
| Medium | [electronic resource] |
| 260 ## - PUBLICATION, DISTRIBUTION, ETC. | |
| Place of publication, distribution, etc. | [S.l.] |
| Name of publisher, distributor, etc. | UNEP |
| Date of publication, distribution, etc. | 2007 |
| 505 2# - FORMATTED CONTENTS NOTE | |
| Formatted contents note | Introduction -- Baseline -- Opportunities for energy efficiency in buildings -- Energy efficiency models -- Encouraging energy efficiency -- Buildings and the Kyoto Protocol -- Recommendations |
| 520 ## - SUMMARY, ETC. | |
| Summary, etc. | Brings together current information about green house gas emissions from buildings and the technical measures available for their reduction. Considers the use of energy in five phases of the building's life cycle, with particular emphasis given to the most energy-intensive operational phase. Highlights policies and tools applied to different countries to improve energy efficiency and case studies on initiatives to reduce energy use in buildings. Also considers the relevance of some national/international agreements to limit greenhouse gas emissions, such as the Kyoto Protocol. Concludes with recommendations. |
| 590 ## - LOCAL NOTE (RLIN) | |
| Local note | KA |
| 650 24 - SUBJECT ADDED ENTRY--TOPICAL TERM | |
| Topical term or geographic name entry element | KYOTO PROTOCOL TO THE UNITED NATIONS FRAMEWORK CONVENTION ON CLIMATE CHANGE |
| 651 #4 - SUBJECT ADDED ENTRY--GEOGRAPHIC NAME | |
| Geographic name | International |
| 690 ## - LOCAL SUBJECT ADDED ENTRY--TOPICAL TERM (OCLC, RLIN) | |
| Topical term or geographic name as entry element | ENVIRONMENTAL AND LAND CONSULTANCY-ENERGY-ENERGY USE-ENERGY EFFICIENCY |
| 690 ## - LOCAL SUBJECT ADDED ENTRY--TOPICAL TERM (OCLC, RLIN) | |
| Topical term or geographic name as entry element | BUILT ENVIRONMENT-SUSTAINABLE CONSTRUCTION |
| 856 40 - ELECTRONIC LOCATION AND ACCESS | |
| Uniform Resource Identifier | <a href="https://www.uneptie.org/pc/sbc/publications.htm">https://www.uneptie.org/pc/sbc/publications.htm</a> |
| Public note | View the report free of charge at www.uneptie.org... |
| 942 ## - ADDED ENTRY ELEMENTS (KOHA) | |
| Suppress in OPAC | 0 |
| Withdrawn status | Lost status | Source of classification or shelving scheme | Damaged status | Not for loan | Home library | Current library | Shelving location | Date acquired | Total Checkouts | Full call number | Barcode | Date last seen | Copy number | Price effective from | Koha item type |
|---|---|---|---|---|---|---|---|---|---|---|---|---|---|---|---|
| Dewey Decimal Classification | Virtual | Virtual | Online | 13/06/2007 | ONLINE PUBLICATION | 138489-2001 | 06/08/2019 | 1 | 06/08/2019 | Book |